000 00279nam a2200133Ia 4500
100 _aDevignon/B.
942 _cBK
654 _aC- Programming
245 _aUnix C- Programming
260 _bGalgotia Pub.
_aNEW DELHI
_c1992
300 _a429
546 _aENGLISH
999 _c24429
_d24429